Normal view
MARC view
- J.C. Nesfeld, M.A
Entry Personal Name
001 - CONTROL NUMBER
- control field: 1553
003 - CONTROL NUMBER IDENTIFIER
- control field: NUST
005 - DATE AND TIME OF LATEST TRANSACTION
- control field: 20170530110716.0
008 - FIXED-LENGTH DATA ELEMENTS
- fixed length control field: 170530|| aca||aabn | a|a d
040 ## - CATALOGING SOURCE
- Original cataloging agency: NUST
- Transcribing agency: NUST
100 ## - HEADING--PERSONAL NAME
- Personal name: J.C. Nesfeld, M.A
670 ## - SOURCE DATA FOUND
- Source citation: Work cat.: (NUST)24830: J.C. Nesfeld, M.A, Manual of English Grammar and Composition, 1954
